Código del trabajo: edición oficial, aprobada por decreto N§ 277 de 10 de marzo de 2000, del Ministerio de Justicia

محفوظ في:
التفاصيل البيبلوغرافية
التنسيق: كتاب
اللغة:الإسبانية
منشور في: Santiago Jurídica de Chile 2000
الطبعة:7a. ed
الموضوعات:
الوسوم: إضافة وسم
لا توجد وسوم, كن أول من يضع وسما على هذه التسجيلة!

MARC

LEADER 00000nam a2200000 a 4500
001 UCO3040
003 CL-VaPUC
008 000610e20000000CL |||||||||||||||||spa|d
082 0 4 |a 344.8301  |b COD  |2 21 
245 1 0 |a Código del trabajo: edición oficial, aprobada por decreto N§ 277 de 10 de marzo de 2000, del Ministerio de Justicia 
250 |a 7a. ed 
300 |a 876 p 
942 |c BK 
945 |d 20000610 00:00:00  |a vberengu 
260 |a Santiago  |b Jurídica de Chile  |c 2000 
500 |a Apéndice actualizado a mayo de 2000 
650 7 |a CAPACITACION LABORAL  |2 CL-VaPUC  |9 411356 
650 7 |a CONTRATO DE TRABAJO  |2 CL-VaPUC  |9 446866 
650 7 |a JURISDICCION LABORAL  |2 CL-VaPUC  |9 395194 
650 7 |a LEGISLACION DEL TRABAJO  |2 CL-VaPUC  |9 446867 
650 0 |a Negociación colectiva  |9 312433 
650 0 |a Sindicatos  |9 255034 
650 0 |a Trabajo  |9 313876 
583 |a last modification  |c 20000610 00:00:00  |k Rodrigo Vera 
999 |c 289518  |d 289516 
952 |0 0  |1 0  |2 ddc  |4 0  |6 344_830100000000000_COD_2000  |7 0  |8 FOND_LRYV  |9 337985  |a BIBDER  |b BIBDER  |d 2019-11-20  |i 3637670  |o 344.8301 COD 2000  |p 3637670  |r 2023-01-25  |w 2019-11-20  |y BK_X  |k DER 
952 |0 0  |1 0  |2 ddc  |4 0  |6 344_830100000000000_COD_2000  |7 0  |8 FOND_LRYV  |9 337986  |a BIBDER  |b BIBDER  |d 2019-11-20  |i 3637689  |o 344.8301 COD 2000  |p 3637689  |r 2023-01-25  |w 2019-11-20  |y BK_X  |k DER